00288nam a2200109Ia 4500008004100000082001200041100001700053245006500070250002400135260000900159300001000168190415s9999 xx 000 0 und d aTS.0001 aSethi, Vinod 0aFreedom of the press under the Indian constitution 1950-1979 aUniversity of Delhi c1980 a400p.